| 000 | 02026nam0a2200385 4500 | ||
|---|---|---|---|
| 001 | RU\NLR\BIBL_A\022689607 | ||
| 005 | 20260311113819.0 | ||
| 010 |
_a978-5-94454-069-0 _9300 |
||
| 021 |
_aRU _bКН-П-25-067930 _9КН-П-25-6574 |
||
| 035 | _a(NLR Aleph) 022689607 | ||
| 090 |
_a13632738 _c13632738 |
||
| 100 | _a20251217d2025 k y0rusy50 ca | ||
| 101 | 0 | _arus | |
| 102 | _aRU | ||
| 105 | _aa z 000yy | ||
| 181 | 0 |
_ai3 _baxxe |
|
| 182 | 0 | _an | |
| 200 | 1 |
_aИсследование конвективного теплообмена водонефтяных эмульсий _eмонография _fР. И. Вахитова, Д. А. Сарачева, А. И. Антипов |
|
| 203 |
_aТекст _bвизуальный _cнепосредственный |
||
| 210 |
_aАльметьевск _cАльметьевский государственный технический университет "Высшая школа нефти" _d2025 |
||
| 215 |
_a104 с. _cил. _d21 |
||
| 300 | _aНа обороте тит. с. авт.: Вахитова Р. И. - к. т. н., доц., Сарачева Д. А. - к. т. н., доц., Антонов А. И. - д. т. н., проф. | ||
| 320 | _aБиблиогр.: с. 96-103 (89 назв.) | ||
| 606 | 1 |
_aВодонефтяные эмульсии _xАнализ _2nlr_sh2 _3RU\NLR\AUTH\6601540373 |
|
| 606 | 1 |
_aНефть _xПодготовка промысловая _xОборудование _xТепловой расчет _2nlr_sh1 _2nlr_sh2 _3RU\NLR\AUTH\661375782 |
|
| 606 | 1 |
_aТрубчатые печи _xТеплообменные аппараты _2nlr_sh2 _3RU\NLR\AUTH\6601645012 |
|
| 686 | 1 | _aЛ54-1с4 | |
| 686 | 1 | _aИ361.082-5-01 | |
| 700 | 1 |
_aВахитова _bР. И. _gРоза Ильгизовна |
|
| 701 | 1 |
_aСарачева _bД. А. _gДиана Азатовна |
|
| 701 | 1 |
_aАнтипов _bА. И. _gАльберт Иванович |
|
| 942 | _cBOOK | ||
| 980 | _aNB | ||